000 00903nam a2200241Ia 4500
003 OSt
005 20221005104742.0
006 a|||||r|||| 00| 0
007 ta
008 221004b |||||||| |||| 00| 0 hin d
024 _a30455
037 _cTextual
040 _aCRL
_cCRL
_bhin
041 _2hin
_ahin
082 _aV2:2'N7, 152M4
100 _aकौशिक, सुशीला, संपा.
245 0 _aभारतीय शासन एवं राजनीति
246 _aBhāratīya shāsan evan rājanīti
260 _aदिल्ली
_bविश्वविद्यालय हिन्दी माध्यम कार्यान्वय निदेशालय भारत
_c1984
300 _a710पृ.
_ccm.
942 _hV2:2'N7, 152M4
_cTEXL
_2cc
999 _c1013675
_d1013675